| 000 | 01052nam a2200289 c 4500 | ||
|---|---|---|---|
| 003 | BLK | ||
| 005 | 20180422112039.0 | ||
| 008 | 180409b bul|||||r ||||||| ||bul|| | ||
| 010 | _aKNG00143279000 | ||
| 040 | _aBLK | ||
| 041 |
_aBUL _cBUL |
||
| 080 |
_aЧешка литература _b821.162.3 _x-31 _z821.162.3-31 |
||
| 100 | 1 |
_aГлазарова, Ярмила _eпърви автор _954351 |
|
| 700 | 1 |
_aГеновска, Веселина Маринова _eпрев. от чеш. _9378253 |
|
| 139 |
_aГлазарова, Ярмила _bГ 53 |
||
| 245 | 1 | 0 |
_aЗазоряване _bРоман _cЯрмила Глазарова; прев. от чеш. Веселина Маринова Геновска. |
| 257 | _aCHE | ||
| 260 |
_аСофия _bНар. култура _c1953 |
||
| 300 |
_a180 с. _bс 1 портр. _c22 см |
||
| 380 | _aX | ||
| 500 | _a4 000 тир. | ||
| 852 | _aЦб 3087 | ||
| 856 | 4 |
_qpdf _u |
|
| 856 | 4 |
_qpdf _u |
|
| 942 |
_cKNG _n0 |
||
| 944 |
_aCR _c26.09.2016 _kКина_Георгиева |
||
| 944 |
_aED _c26.09.2016 _kКина_Георгиева |
||
| 999 |
_c137312 _d137312 |
||